Jur Hronec

Bibliographic Details
Format: Article
Language:Slovak
ISBN:8071211621
ISSN:8071211621
Subjects:

MARC

LEADER 00000nab a2200000 a 4500
001 vtls001006951
003 SK-MaSNL
005 20260305000219.0
008 040720e19980000xo 0 slo
020 |a 8071211621 
035 |a RV7551 
040 |a RVGKPD  |b slo  |c RVGKPD  |e AACR2 
041 0 |a slo 
044 |a xo  |c SK 
080 |a 51-051  |2 1981 
080 |a 929 Hronec, Juraj  |2 1981 
245 0 0 |a Jur Hronec 
500 |a (rodisko) 
500 |a (štúdiá) 
590 |a Hronec, Jur, 1881-1959  |b Matematik, pedagóg, akademik SAV. 
600 1 7 |a Hronec, Juraj,  |d 1881-1959  |2 RVGKPD  |9 37290 
651 7 |a Gočovo (Slovensko)  |2 RVGKPD  |9 58511 
651 7 |a Rožňava (Slovensko)  |2 RVGKPD  |9 17394 
655 7 |a zborník  |2 snkbucl  |9 377384 
773 0 8 |t Kultúrno-historický kalendár 1999 (1998), S. 294  |x 8071211621 
852 |a ZVYKNI  |b KIS3GCP 
999 |c 3212640  |d 3214570